000
00203 a2200097 4500
001
15060
100
_a
Gibbon monk
245
_a
Austria
260
_a
London
_b
B T Batsford ltd
_c
090
_c
11815
_d
11815
942
_a
NUST-CAE
_c
M
_c
2020
999
_c
250133
_d
250133